Punk Bands by Album - Statistics

General Stats
  • This quiz has been taken 185 times
  • The average score is 13 of 47
Answer Stats
Hint Answer % Correct
Never Mind The Bollocks... Sex Pistols
91%
London Calling The Clash
87%
Rocket To Russia Ramones
78%
Fresh Fruit For Rotting Vegetables Dead Kennedys
71%
Kerplunk Green Day
68%
Damaged Black Flag
60%
Operation Ivy Operation Ivy
55%
...And Out Come The Wolves Rancid
52%
Los Angeles X
50%
Suffer Bad Religion
44%
American Psycho Misfits
43%
Everything Sux Descendents
39%
GI Germs
38%
Machine Gun Etiquette The Damned
35%
Group Sex Circle Jerks
34%
First Ditch Effort NOFX
34%
First Two Seven Inches Minor Threat
32%
Germ Free Adolescents X-Ray Spex
27%
Black Dots Bad Brains
26%
Love Bites Buzzcocks
25%
Inflammable Material Stiff Little Fingers
25%
F*** The System The Exploited
25%
The Feeding of the 5000 Crass
21%
Live Fast Diarrhea The Vandals
19%
Living In Darkness Agent Orange
18%
Chuck Sum 41
18%
Angels With Dirty Faces Sham 69
17%
Viva La Revolution The Adicts
17%
We Are The League Anti-Nowhere League
15%
The Day The Country Died Subhumans
15%
No Gods/No Managers Choking Victim
11%
Crossing The Red Sea The Adverts
11%
Top Of The Pops The Rezillos
11%
The Crack The Ruts
8%
Complete Riot U.K. Subs
6%
The Anthology The Undertones
5%
Pure Mania The Vibrators
5%
High Risk Behaviour The Chats
4%
Boots For The Beatdown The Oi! Scouts
3%
Go The Hack Cosmic Psychos
2%
No Policy S.O.A
2%
Are You Satisfied? SOFT PLAY
2%
Working Girl The Members
2%
Freedumb Suicidal Tendancies
1%
What A F***ing Nightmare The Chisel
1%
Life/Death Teen Mortgage
0%
You Work for Us These New South Whales
0%
No matching quizzes found
Score Distribution
Percent of People with Each Score
Percentile by Number Answered
Your Score History
You have not taken this quiz